Validation of gas chromatography-mass spectrometry for the determination of DDT in selected registered traditional remedies /
محفوظ في:
| المؤلف الرئيسي: | |
|---|---|
| التنسيق: | أطروحة كتاب |
| اللغة: | English |
| منشور في: |
2003.
|
| الموضوعات: | |
| الوسوم: |
إضافة وسم
لا توجد وسوم, كن أول من يضع وسما على هذه التسجيلة!
|
| LEADER | 00980cam a2200241 a 4500 | ||
|---|---|---|---|
| 001 | u694864 | ||
| 003 | SIRSI | ||
| 008 | 990618s2003 my a t 00 10 eng m | ||
| 035 | |a ADA-5425 | ||
| 040 | |a UMM | ||
| 090 | |a QD3 |b UM 2003 Normz | ||
| 100 | 0 | 0 | |a Noraida Mohamad Zainoor. |
| 245 | 1 | 0 | |a Validation of gas chromatography-mass spectrometry for the determination of DDT in selected registered traditional remedies / |c by Noraida binti Mohamad Zainoor. |
| 260 | |c 2003. | ||
| 300 | |a ix, 47, [12], 9, [29] leaves : |b ill. ; |c 30 cm. | ||
| 502 | |a Dissertation (M.Sc.) -- Jabatan Kimia, Fakulti Sains, Universiti Malaya, 2003. | ||
| 504 | |a Includes bibliographical references. | ||
| 650 | 0 | |a DDT (Insecticide) |x Analysis. | |
| 650 | 0 | |a Traditional medicine |x Analysis. | |
| 710 | 2 | 0 | |a Universiti Malaya. |b Jabatan Kimia. |
| 948 | |a 15/03/2004 |b 29/04/2004 | ||
| 596 | |a 1 | ||
| 999 | |a QD3 UM 2003 NORMZ |w LC |c 1 |i A511139001 |d 7/2/2011 |e 7/2/2011 |f 9/8/2006 |g 1 |l STACKS |m P01UTAMA |n 9 |r Y |s Y |t TESIS |u 22/2/2005 | ||
